Analýza kvantitatívnych výsledkov podniku

Salvato in:
Dettagli Bibliografici
Autore principale: Moravčíková, Elena, 1967-
Natura: Capitolo di libro
Lingua:inglese
Soggetti:
Tags: Aggiungi Tag
Nessun Tag, puoi essere il primo ad aggiungerne!!

MARC

LEADER 00000naa$a2200000$$$4500
001 0278449
005 20240502074328.0
041 0 |a eng 
044 |a SK 
245 1 0 |a Analýza kvantitatívnych výsledkov podniku  |c Elena Moravčíková 
610 2 0 |a podnik 
610 2 0 |a analýza finančná 
610 2 0 |a analýza ekonomická 
610 2 0 |a analýza kvantitatívna 
100 1 |a Moravčíková, Elena, 1967-